000 00219 a2200097 4500
001 47723
100 _aPopkess B
245 _aThe nuclear survival handbook
260 _aLondon
_bArrow books
_c
090 _c30727
_d30727
942 _aNUST-CAE
_cM
_c23033
999 _c282796
_d282796